| 000 | 01779cam a22004334i 4500 | ||
|---|---|---|---|
| 003 | PE-LiUPU | ||
| 005 | 20250731173200.0 | ||
| 008 | 150623s r 000 0 d | ||
| 035 | _a(Sirsi) a29952 | ||
| 040 |
_aPE-LiUPU _bspa _cPE-LiUPU _erda |
||
| 082 | 0 | 4 |
_a200.011 _bG48 _221 |
| 245 | 0 | 4 |
_aThe Word Among Us : _bContextualizing Theology For Mission Today / _cDean S. Gilliland, editor. |
| 264 | 1 |
_aDallas : _bWord Publishing, _c1989. |
|
| 300 |
_a344 páginas ; _c23 cm. |
||
| 336 |
_atext _2rdacontent |
||
| 337 |
_aunmediated _2rdamedia |
||
| 338 |
_avolume _2rdacarrier |
||
| 504 | _aBibliografía: p. [318]-336. | ||
| 505 | 0 | _aContextula teology as incarnational mission. -Old testament contextualizacion: The new testament contextaulizacion. -The new covenant. -From and meaning in contextualizacion of the gospel. -Contextualizing communication. -The context of text. -Dimensions of approach to contextual communication. -Crosscultural use of leadership concepts. -Contextualized Christian social mosaic. | |
| 526 | _aSEG42 | ||
| 526 | _aSEG41 | ||
| 526 | _aSEG40 | ||
| 526 | _aSEG39 | ||
| 526 | _aP94 | ||
| 526 | _aP87 | ||
| 526 | _aP86 | ||
| 526 | _aP85 | ||
| 526 | _aP77 | ||
| 526 | _aP76 | ||
| 526 | _aP35 | ||
| 650 | 0 | 4 |
_aMisiones _xTeoría. |
| 650 | 0 | 4 |
_aCristianismo y cultura. _91358 |
| 700 | 1 |
_aGilliland, Dean S., _eed. |
|
| 942 |
_2ddc _cBOOK |
||
| 949 |
_a200.011 G48 _wDEWEY _c1 _i36329 _lCCODEBUL1 _mBUL _p00.00 _r0 _sY _tBOOK _u2015-06-24 _xBIBLIOTECA _zUNKNOWN _0COMPRA _o.STAFF. Colección General |
||
| 596 | _a1 | ||
| 999 |
_a200.011 G48 _wDEWEY _c37358 _i36329 _f2021-11-9 _g5 _lCCODEBUL1 _mBUL _r0 _sY _tBOOK _u2015-6-24 _xTEOLOGIA _zUNKNOWN _0COMPRA _o.STAFF. Colección General _d37358 |
||
| 980 |
_81 _gALBERTO SANCHEZ Responsable de Automatización |
||